[Event "Südlohner SV 1 - SF Essen-Katernberg  "]
[Site "NRW-Klasse - Gruppe 2 2019/20"]
[Date "2020.02.02"]
[Round "6.2"]
[White "Kolakovic, Klaudio"]
[Black "Villwock, Martin"]
[Result "1/2-1/2"]
[WhiteElo "2123"]
[BlackElo "2092"]
[PlyCount "133"]
[EventDate "2020.??.??"]
[SourceVersionDate "2020.03.16"]
[WhiteTeam "Südlohner SV 1"]
[BlackTeam "SF Essen-Katernberg  2"]

1. d4 g6 2. e4 Bg7 3. Nc3 d6 4. Be3 a6 5. a4 b6 6. f4 Nf6 7. e5 Ng4 8. Qf3 Nxe3
9. Qxe3 Bb7 10. h4 h5 11. e6 f5 12. Bd3 Nc6 13. Qg3 O-O 14. d5 Nb4 15. Qxg6 Rf6
16. Qxh5 Nxd3+ 17. cxd3 c6 18. Nf3 Qe8 19. Qxe8+ Rxe8 20. Ng5 cxd5 21. O-O Rc8
22. Rac1 Rh6 23. g3 Bd4+ 24. Kh2 Be3 25. Rce1 d4 26. Rxe3 dxe3 27. Re1 b5 28.
axb5 axb5 29. Rxe3 b4 30. Ne2 Rc2 31. b3 Bd5 32. Kg1 Rf6 33. Nd4 Rc1+ 34. Kf2
Rf8 35. Re2 Rc3 36. Ke3 Bxb3 37. h5 Bc4 38. Rd2 Kg7 39. h6+ Kxh6 40. Nc6 Kg7
41. Nxb4 Rb3 42. Nc2 Ra8 43. Nd4 Rc3 44. Nxf5+ Kf6 45. Ne4+ Kxf5 46. Nxc3 Bxe6
47. Kf3 Ra3 48. g4+ Kf6 49. Ne4+ Kg7 50. Ke3 Bd5 51. Nf2 Ra4 52. Rc2 Kf7 53.
Rb2 e5 54. fxe5 dxe5 55. Rb5 Ke6 56. Rb6+ Ke7 57. Rh6 Rf4 58. Rh3 Kf6 59. Rg3
Ra4 60. g5+ Kg6 61. Rg1 Rf4 62. Rg3 Ra4 63. Rg4 Rxg4 64. Nxg4 Kf5 65. Nf6 Bc6
66. d4 exd4+ 67. Kxd4 1/2-1/2

[Event "Südlohner SV 1 - SF Essen-Katernberg  "]
[Site "NRW-Klasse - Gruppe 2 2019/20"]
[Date "2020.02.02"]
[Round "6.3"]
[White "Dahm, Bernd"]
[Black "Voelker, Christian"]
[Result "1/2-1/2"]
[WhiteElo "2104"]
[BlackElo "2078"]
[PlyCount "76"]
[EventDate "2020.??.??"]
[SourceVersionDate "2020.03.16"]
[WhiteTeam "SF Essen-Katernberg  2"]
[BlackTeam "Südlohner SV 1"]

1. c4 e5 2. g3 Nc6 3. Bg2 g6 4. Nc3 Bg7 5. e4 d6 6. d3 h5 7. h4 Nh6 8. Nd5 Nd4
9. f3 c6 10. Nc3 f5 11. Nge2 O-O 12. O-O Ne6 13. Be3 f4 14. gxf4 exf4 15. Bf2
g5 16. hxg5 Nxg5 17. Kh2 Ng4+ 18. fxg4 f3 19. Bg3 fxg2 20. Rxf8+ Qxf8 21. Qc1
Nf3+ 22. Kxg2 Bxg4 23. Qf4 Be5 24. Qxf8+ Rxf8 25. Rh1 Ng5 26. Rd1 Bxc3 27. Nxc3
Bxd1 28. Nxd1 Nf7 29. Ne3 Rd8 30. Kh3 Kh7 31. Kh4 Kg6 32. Nf5 d5 33. cxd5 cxd5
34. Ne7+ Kf6 35. Nxd5+ Rxd5 36. exd5 Ne5 37. Bf2 Nxd3 38. Bxa7 Ke5 1/2-1/2

[Event "Südlohner SV 1 - SF Essen-Katernberg  "]
[Site "NRW-Klasse - Gruppe 2 2019/20"]
[Date "2020.02.02"]
[Round "6.4"]
[White "van Lith, Arjan"]
[Black "Irkilmez, Yakub"]
[Result "1/2-1/2"]
[WhiteElo "2188"]
[BlackElo "2088"]
[Annotator "Daniel"]
[PlyCount "64"]
[EventDate "2020.??.??"]
[SourceVersionDate "2020.03.16"]
[WhiteTeam "Südlohner SV 1"]
[BlackTeam "SF Essen-Katernberg  2"]

1. e4 e6 2. d4 d5 3. Nd2 Nf6 4. e5 Nfd7 5. Bd3 c5 6. c3 b5 7. Ne2 b4 8. O-O Ba6
9. Nf3 Be7 10. cxb4 c4 11. Bc2 Bxb4 12. Nc3 h6 13. h4 O-O 14. Bf4 Nc6 15. Qd2
f5 16. Bxh6 Bxc3 17. bxc3 gxh6 18. Qxh6 Qe7 $11 19. g4 Bb7 20. gxf5 exf5 21.
Kh2 Ncxe5 22. dxe5 Nxe5 23. Rg1+ Ng4+ 24. Kh3 Bc8 25. Rae1 Qg7 26. Qxg7+ Kxg7
27. Nd4 Kf6 28. f3 Ne3 29. Kh2 Nxc2 30. Nxc2 Rh8 31. Kg3 f4+ 32. Kxf4 Rxh4+
1/2-1/2

[Event "Südlohner SV 1 - SF Essen-Katernberg  "]
[Site "NRW-Klasse - Gruppe 2 2019/20"]
[Date "2020.02.02"]
[Round "6.5"]
[White "Dette, Jan"]
[Black "Doennebrink, Elmar"]
[Result "1-0"]
[WhiteElo "2066"]
[BlackElo "2075"]
[PlyCount "67"]
[EventDate "2020.??.??"]
[SourceVersionDate "2020.03.16"]
[WhiteTeam "SF Essen-Katernberg  2"]
[BlackTeam "Südlohner SV 1"]

1. e4 c5 2. c3 d5 3. exd5 Qxd5 4. d4 Nc6 5. Nf3 Bg4 6. dxc5 Qxd1+ 7. Kxd1 e5 8.
b4 Nf6 9. h3 Bh5 10. Kc2 a5 11. Bb5 Bxf3 12. gxf3 axb4 13. cxb4 Nd5 14. Bd2 Be7
15. Re1 O-O 16. Bxc6 bxc6 17. a3 Bh4 18. Re2 Rfb8 19. Bc3 f6 20. Bb2 Nf4 21.
Rd2 Nxh3 22. Nc3 Bg5 23. Rd6 Rc8 24. Ne4 Bf4 25. Rd7 Rd8 26. Rad1 Rxd7 27. Rxd7
h5 28. b5 cxb5 29. c6 Ra6 30. c7 Rc6+ 31. Bc3 Kh7 32. Nxf6+ Kg6 33. Ne4 h4 34.
Rd6+ 1-0

[Event "Südlohner SV 1 - SF Essen-Katernberg  "]
[Site "NRW-Klasse - Gruppe 2 2019/20"]
[Date "2020.02.02"]
[Round "6.6"]
[White "Engels, Natia"]
[Black "Heldt, Maximilian"]
[Result "1-0"]
[WhiteElo "2061"]
[BlackElo "2077"]
[PlyCount "61"]
[EventDate "2020.??.??"]
[SourceVersionDate "2020.03.16"]
[WhiteTeam "Südlohner SV 1"]
[BlackTeam "SF Essen-Katernberg  2"]

1. d4 Nf6 2. c4 e6 3. g3 Bb4+ 4. Bd2 Qe7 5. Bg2 Nc6 6. Nf3 Bxd2+ 7. Nbxd2 d6 8.
O-O O-O 9. e4 e5 10. d5 Nd8 11. b4 a5 12. a3 b6 13. Ne1 Ne8 14. Nd3 f5 15. f4
Nf7 16. Re1 Ra7 17. exf5 Bxf5 18. Ne4 Nf6 19. Nc3 Ne8 20. Nb5 Ra6 21. Nd4 Bxd3
22. Qxd3 Nd8 23. c5 Ra7 24. Nb5 Rb7 25. fxe5 bxc5 26. bxc5 dxe5 27. d6 cxd6 28.
cxd6 Qd7 29. Bxb7 Nxb7 30. Rxe5 Qc6 31. Qd5+ 1-0

[Event "Südlohner SV 1 - SF Essen-Katernberg  "]
[Site "NRW-Klasse - Gruppe 2 2019/20"]
[Date "2020.02.02"]
[Round "6.7"]
[White "Kraft, Juergen"]
[Black "Teloeken, Andreas"]
[Result "1/2-1/2"]
[WhiteElo "1826"]
[BlackElo "2025"]
[PlyCount "43"]
[EventDate "2020.??.??"]
[SourceVersionDate "2020.03.16"]
[WhiteTeam "SF Essen-Katernberg  2"]
[BlackTeam "Südlohner SV 1"]

1. e4 c6 2. d4 d5 3. exd5 cxd5 4. c4 Nf6 5. Nc3 e6 6. Bg5 Bb4 7. a3 Bxc3+ 8.
bxc3 Qa5 9. Qc2 Ne4 10. Bd2 Bd7 11. Nf3 Nc6 12. Bd3 Nxd2 13. Nxd2 Rc8 14. O-O
dxc4 15. Nxc4 Qc7 16. Rab1 b5 17. Rxb5 Nxd4 18. cxd4 Bxb5 19. Nd6+ Kd7 20.
Qxc7+ Rxc7 21. Nxb5 Rb7 22. d5 1/2-1/2

[Event "Südlohner SV 1 - SF Essen-Katernberg  "]
[Site "NRW-Klasse - Gruppe 2 2019/20"]
[Date "2020.02.02"]
[Round "6.8"]
[White "Hater, Wolfgang"]
[Black "Mamikonyan, Davit"]
[Result "1-0"]
[WhiteElo "2003"]
[BlackElo "1827"]
[PlyCount "85"]
[EventDate "2020.??.??"]
[SourceVersionDate "2020.03.16"]
[WhiteTeam "Südlohner SV 1"]
[BlackTeam "SF Essen-Katernberg  2"]

1. e4 e6 2. d3 c5 3. Be2 Nc6 4. Nf3 d5 5. Nbd2 Bd6 6. exd5 exd5 7. O-O Nge7 8.
d4 c4 9. Re1 h6 10. c3 Qc7 11. b3 b5 12. a4 b4 13. Bb2 cxb3 14. c4 O-O 15. c5
Bf4 16. Nxb3 Bf5 17. g3 Bg5 18. Nxg5 hxg5 19. Bc1 f6 20. f4 gxf4 21. Bxf4 Qd7
22. Bd6 Rfe8 23. Bb5 a6 24. Rxe7 Rxe7 25. Bxc6 Qxc6 26. Bxe7 Qe6 27. Qe1 Be4
28. Bd6 Qg4 29. Qf2 Kf7 30. Nd2 Bd3 31. Re1 Bc2 32. Nf3 Re8 33. Ne5+ Rxe5 34.
dxe5 Bxa4 35. exf6 gxf6 36. Be5 f5 37. c6 Kg6 38. c7 Qc4 39. Qb6+ Kh5 40. Qe6
Qc5+ 41. Kg2 Qc2+ 42. Kh3 Qf2 43. Qf7+ 1-0

[Event "SK Münster 3 - SV Sundern 1"]
[Site "NRW-Klasse - Gruppe 2 2019/20"]
[Date "2020.02.02"]
[Round "6.1"]
[White "Hoffmann, Michael"]
[Black "Seegers, Hendrik"]
[Result "1-0"]
[WhiteElo "2422"]
[BlackElo "2102"]
[PlyCount "61"]
[EventDate "2020.??.??"]
[SourceVersionDate "2020.03.16"]
[WhiteTeam "SV Sundern 1"]
[BlackTeam "SK Münster 3"]

1. e4 c6 2. d4 d5 3. Nd2 dxe4 4. Nxe4 Bf5 5. Ng3 Bg6 6. h4 h6 7. Nf3 Nd7 8. h5
Bh7 9. Bd3 Ngf6 10. Bxh7 Nxh7 11. Qe2 e6 12. Bd2 Qb6 13. O-O-O Be7 14. Nf5 Bf6
15. Nd6+ Ke7 16. Ne5 c5 17. Nexf7 cxd4 18. Nc4 Qa6 19. Nxh8 Rxh8 20. Rhe1 Rc8
21. Bb4+ Kd8 22. Na5 Qb6 23. a3 e5 24. f4 Qe6 25. Nxb7+ Kc7 26. Nd6 a5 27. Nb5+
Kb8 28. Bd6+ Kb7 29. Bxe5 Nxe5 30. fxe5 Be7 31. Kb1 1-0

[Event "SK Münster 3 - SV Sundern 1"]
[Site "NRW-Klasse - Gruppe 2 2019/20"]
[Date "2020.02.02"]
[Round "6.2"]
[White "Korth, Daniel"]
[Black "Stolte, Alexander"]
[Result "1/2-1/2"]
[WhiteElo "2164"]
[BlackElo "2148"]
[PlyCount "116"]
[EventDate "2020.??.??"]
[SourceVersionDate "2020.03.16"]
[WhiteTeam "SK Münster 3"]
[BlackTeam "SV Sundern 1"]

1. d4 Nf6 2. c4 e6 3. g3 d5 4. Nf3 Be7 5. Bg2 O-O 6. O-O dxc4 7. Nc3 b6 8. Ne5
Nd5 9. Nxc4 Bb7 10. e4 Nxc3 11. bxc3 Ba6 12. Qb3 Nc6 13. Rd1 Qd7 14. Bf4 b5 15.
Ne5 Nxe5 16. Bxe5 Rab8 17. d5 Bf6 18. Bxf6 gxf6 19. Bh3 Bc8 20. dxe6 Qc6 21.
exf7+ Kg7 22. Bxc8 Rbxc8 23. Qd5 Qxd5 24. Rxd5 c6 25. Rd7 Rxf7 26. Rad1 Rc7 27.
Rxc7 Rxc7 28. f3 a5 29. Kf2 b4 30. Ke3 Rb7 31. Rd6 bxc3 32. Rxc6 Rb2 33. Rxc3
Rxa2 34. h4 Rb2 35. Rc5 Rb3+ 36. Kf4 a4 37. Ra5 a3 38. h5 Rc3 39. Kg4 Rb3 40.
Kf4 Rc3 41. Kg4 Rb3 42. f4 Re3 43. Kf5 Rxg3 44. Ra7+ Kh6 45. Kxf6 Kxh5 46. Kf5
h6 47. Ra6 Rg8 48. Rxa3 Rf8+ 49. Ke5 Kg4 50. f5 Re8+ 51. Kd5 Rd8+ 52. Kc6 Kf4
53. Kc7 Rd1 54. Rh3 Kxe4 55. f6 Rf1 56. Rxh6 Ke5 57. Kc6 Rxf6+ 58. Rxf6 Kxf6
1/2-1/2

[Event "SK Münster 3 - SV Sundern 1"]
[Site "NRW-Klasse - Gruppe 2 2019/20"]
[Date "2020.02.02"]
[Round "6.3"]
[White "Schober, Ralf"]
[Black "Mueschenich, Stefan"]
[Result "0-1"]
[WhiteElo "1995"]
[BlackElo "2073"]
[PlyCount "138"]
[EventDate "2020.??.??"]
[SourceVersionDate "2020.03.16"]
[WhiteTeam "SV Sundern 1"]
[BlackTeam "SK Münster 3"]

1. Nc3 Nf6 2. e4 d5 3. e5 Ne4 4. Nce2 d4 5. c3 dxc3 6. Qa4+ Nd7 7. Nxc3 Nxc3 8.
dxc3 e6 9. Nf3 c6 10. Bf4 Nc5 11. Qc2 Qd5 12. Be2 Be7 13. O-O Qe4 14. Qxe4 Nxe4
15. Bd3 Nc5 16. Bc2 b6 17. b4 Nd7 18. Be4 Bb7 19. Nd4 Rc8 20. Rfd1 Rc7 21. Bf3
O-O 22. Bxc6 Rxc6 23. Nb5 Nb8 24. Nxa7 Rxc3 25. Be3 Bxb4 26. Bxb6 Bd5 27. a4
Na6 28. Nb5 Rc6 29. a5 Bc3 30. Nxc3 Rxc3 31. h3 Rfc8 32. Rdb1 h5 33. Be3 Rb3
34. Rd1 Rcc3 35. Bb6 Rc2 36. Rd4 Rbc3 37. Raa4 Rc4 38. Raxc4 Rxc4 39. Rd1 Kf8
40. g3 Ke8 41. Rb1 Kd7 42. h4 Kc6 43. Be3 Rb4 44. Rc1+ Kb5 45. Bd2 Rb2 46. Be1
Be4 47. Kf1 Bd3+ 48. Kg2 Rb1 49. Rxb1+ Bxb1 50. Kf3 Nc5 51. Ke3 Nb3 52. Kf4
Nxa5 53. Bc3 Nc6 54. Bb2 Bc2 55. Kg5 Bd1 56. Kf4 Kc4 57. Ke3 Kd5 58. f4 Ne7 59.
Ba3 Nf5+ 60. Kf2 f6 61. Bb2 Nd4 62. Ke3 fxe5 63. fxe5 Nc6 64. Kf4 Bg4 65. Bc3
Ne7 66. Kg5 Ke4 67. Bb4 Nf5 68. Be7 Kxe5 69. Bd8 Ke4 0-1

[Event "SK Münster 3 - SV Sundern 1"]
[Site "NRW-Klasse - Gruppe 2 2019/20"]
[Date "2020.02.02"]
[Round "6.4"]
[White "Wieder, Heiner"]
[Black "Plass, Mariana-Camelia"]
[Result "1-0"]
[WhiteElo "2045"]
[BlackElo "2022"]
[PlyCount "91"]
[EventDate "2020.??.??"]
[SourceVersionDate "2020.03.16"]
[WhiteTeam "SK Münster 3"]
[BlackTeam "SV Sundern 1"]

1. e4 c5 2. Nf3 a6 3. Nc3 d6 4. d4 cxd4 5. Nxd4 Nf6 6. f3 e5 7. Nb3 Be6 8. Be3
Nbd7 9. Qd2 Be7 10. Nd5 Bxd5 11. exd5 Nb6 12. c4 Rc8 13. Na5 Qc7 14. Rc1 Nbd7
15. b4 Bd8 16. Be2 Qb8 17. Nb3 b5 18. c5 Qa8 19. Rd1 Qb8 20. O-O O-O 21. Ra1
Re8 22. Rfb1 Nh5 23. a4 Nf4 24. axb5 Nxe2+ 25. Qxe2 axb5 26. Na5 Bxa5 27. Rxa5
e4 28. f4 Nf6 29. Rxb5 Qc7 30. c6 Rb8 31. h3 h6 32. Qc4 Nd7 33. Rxb8 Rxb8 34.
Qxe4 Nf6 35. Qc4 Re8 36. b5 Rxe3 37. b6 Qe7 38. c7 Re1+ 39. Rxe1 Qxe1+ 40. Kh2
Ng4+ 41. hxg4 Qh4+ 42. Kg1 Qe1+ 43. Qf1 Qc3 44. Qb1 g5 45. b7 Qd4+ 46. Kh1 1-0

[Event "SK Münster 3 - SV Sundern 1"]
[Site "NRW-Klasse - Gruppe 2 2019/20"]
[Date "2020.02.02"]
[Round "6.5"]
[White "Tillmann, Markus"]
[Black "Niermann, Rainer"]
[Result "1-0"]
[WhiteElo "2095"]
[BlackElo "1997"]
[PlyCount "95"]
[EventDate "2020.??.??"]
[SourceVersionDate "2020.03.16"]
[WhiteTeam "SV Sundern 1"]
[BlackTeam "SK Münster 3"]

1. Nf3 c5 2. c4 Nf6 3. g3 Nc6 4. Bg2 g6 5. O-O Bg7 6. d4 cxd4 7. Nxd4 O-O 8.
Nc3 Nxd4 9. Qxd4 d6 10. Qh4 Qc7 11. Bg5 Be6 12. b3 Rfe8 13. Rac1 Rac8 14. e4 a6
15. Kh1 Qc5 16. e5 Ng4 17. Ne4 Qxe5 18. Bxe7 Rc6 19. Rcd1 Bf5 20. Nxd6 Rxe7 21.
Nxf5 gxf5 22. Bxc6 Bf6 23. Qh5 bxc6 24. h3 Qe2 25. hxg4 fxg4 26. Qf5 Kg7 27.
Rfe1 Re5 28. Rxe2 Rxf5 29. Rd6 Rc5 30. Kg2 h5 31. Re8 Be5 32. Rd7 Bc3 33. Rc7
Be5 34. Ra7 Ra5 35. a4 Bd4 36. Rd7 Bf6 37. Rc8 Rf5 38. Rd3 c5 39. Rc6 Bd4 40.
f4 a5 41. Ra6 h4 42. gxh4 Rxf4 43. Rxa5 f5 44. Ra6 Rf2+ 45. Kg3 Rf1 46. h5 Rh1
47. h6+ Kh7 48. Kf4 1-0

[Event "SK Münster 3 - SV Sundern 1"]
[Site "NRW-Klasse - Gruppe 2 2019/20"]
[Date "2020.02.02"]
[Round "6.6"]
[White "Meyer, Ulrich"]
[Black "Plass, Heinz"]
[Result "1-0"]
[WhiteElo "1851"]
[BlackElo "1987"]
[PlyCount "107"]
[EventDate "2020.??.??"]
[SourceVersionDate "2020.03.16"]
[WhiteTeam "SK Münster 3"]
[BlackTeam "SV Sundern 1"]

1. e4 c6 2. d4 d5 3. f3 g6 4. c3 Bg7 5. Bd3 e6 6. Ne2 Ne7 7. O-O Qb6 8. Qb3 Nd7
9. Kh1 O-O 10. e5 c5 11. Be3 f6 12. exf6 Bxf6 13. dxc5 Nxc5 14. Qa3 d4 15. Bxd4
Bxd4 16. cxd4 Nxd3 17. Qxd3 Qxb2 18. Nbc3 Qa3 19. Qe4 Qd6 20. Rac1 Nd5 21. Qh4
Qe7 22. Qg3 Ne3 23. Rfe1 Nf5 24. Qe5 Qd6 25. Ne4 Qxe5 26. dxe5 Rf7 27. Red1 Ne7
28. Rd8+ Rf8 29. Nf6+ Kf7 30. Rxf8+ Kxf8 31. Nxh7+ Ke8 32. Nf6+ Kd8 33. Ng3 b6
34. Nge4 Bb7 35. Nd6 Bc6 36. Nf7+ Kc7 37. Ng5 Kb7 38. Nxe6 Rh8 39. Nd4 Ba4 40.
Ne4 Rh5 41. f4 Rh8 42. Nd6+ Ka6 43. h3 Nd5 44. Ne6 Rh4 45. Rc4 b5 46. Rd4 Ne7
47. Nc5+ Ka5 48. Ndb7+ Kb6 49. Nxa4+ Kxb7 50. Rd7+ Kc6 51. Rxe7 bxa4 52. g3
Rxh3+ 53. Kg2 Rh8 54. Rxa7 1-0

[Event "SK Münster 3 - SV Sundern 1"]
[Site "NRW-Klasse - Gruppe 2 2019/20"]
[Date "2020.02.02"]
[Round "6.7"]
[White "Kevekordes, Peter"]
[Black "Wingenfeld, Klaus"]
[Result "0-1"]
[WhiteElo "1910"]
[BlackElo "1848"]
[PlyCount "100"]
[EventDate "2020.??.??"]
[SourceVersionDate "2020.03.16"]
[WhiteTeam "SV Sundern 1"]
[BlackTeam "SK Münster 3"]

1. e4 c5 2. Nf3 Nc6 3. Bb5 g6 4. c3 Bg7 5. d4 cxd4 6. cxd4 Nf6 7. Nc3 a6 8.
Bxc6 dxc6 9. O-O O-O 10. h3 b5 11. a3 Bb7 12. Re1 Nd7 13. Be3 Rc8 14. Qd2 e5
15. Bh6 Qe7 16. Bxg7 Kxg7 17. Rad1 Rfd8 18. Qe3 f6 19. Rd2 exd4 20. Rxd4 Ne5
21. Nxe5 fxe5 22. Rd2 Rxd2 23. Qxd2 Rd8 24. Qe2 Rd4 25. Rd1 Qd6 26. Rxd4 Qxd4
27. Kf1 a5 28. Qd1 c5 29. f3 b4 30. axb4 axb4 31. Qxd4 cxd4 32. Nb1 Kf6 33. Kf2
Ba6 34. Nd2 Ke6 35. h4 h5 36. Ke1 Kd6 37. Kd1 Kc5 38. Kc2 Bb5 39. g3 Be2 40. f4
d3+ 41. Kb3 Bd1+ 42. Ka2 Kd4 43. Kb1 exf4 44. gxf4 Ke3 45. Kc1 Bg4 46. f5 gxf5
47. exf5 Bxf5 48. Kd1 Kf2 49. Nc4 Be6 50. Ne5 Ke3 0-1

[Event "SK Münster 3 - SV Sundern 1"]
[Site "NRW-Klasse - Gruppe 2 2019/20"]
[Date "2020.02.02"]
[Round "6.8"]
[White "Baumann, Stephan"]
[Black "Schulte, Josef"]
[Result "1-0"]
[WhiteElo "1943"]
[BlackElo "1910"]
[PlyCount "59"]
[EventDate "2020.??.??"]
[SourceVersionDate "2020.03.16"]
[WhiteTeam "SK Münster 3"]
[BlackTeam "SV Sundern 1"]

1. e4 c5 2. Nc3 e6 3. f4 Nc6 4. Nf3 a6 5. Be2 d5 6. O-O g6 7. Qe1 Bg7 8. exd5
Nb4 9. Bd3 Nxd5 10. f5 gxf5 11. Bxf5 Nge7 12. Be4 f5 13. Bxd5 Nxd5 14. d3 O-O
15. Ng5 Qd6 16. Qh4 h6 17. Nf3 Nxc3 18. bxc3 e5 19. Ba3 b6 20. Rae1 Bb7 21. Qg3
f4 22. Qg4 e4 23. dxe4 Bc8 24. Qh5 Bxc3 25. Rd1 Qe6 26. e5 Kg7 27. Rd6 Rf5 28.
Qg4+ Rg5 29. Qxe6 Bxe6 30. Nxg5 1-0

[Event "SV Sundern 1 - SV Soest 1"]
[Site "NRW-Klasse - Gruppe 2 2019/20"]
[Date "2020.02.23"]
[Round "7.1"]
[White "Tscheuschner, Tobias"]
[Black "Hoffmann, Michael"]
[Result "0-1"]
[WhiteElo "2093"]
[BlackElo "2422"]
[PlyCount "52"]
[EventDate "2020.??.??"]
[SourceVersionDate "2020.03.16"]
[WhiteTeam "SV Soest 1"]
[BlackTeam "SV Sundern 1"]

1. c4 e5 2. d3 Bb4+ 3. Nd2 d5 4. cxd5 Qxd5 5. Qa4+ Nc6 6. a3 Bxd2+ 7. Bxd2 Nf6
8. e3 O-O 9. Rc1 Bg4 10. Qc4 Qd6 11. b4 a6 12. Ne2 Bf5 13. Ng3 Bg6 14. Be2 Rfd8
15. Rc3 Nd5 16. Rb3 Nb6 17. Qc2 Qd5 18. O-O e4 19. d4 Nxd4 20. exd4 e3 21. Bd3
exd2 22. Bxg6 hxg6 23. Rd3 Nc4 24. Rd1 Re8 25. Nf1 Re2 26. Nxd2 Qf5 0-1

[Event "SV Sundern 1 - SV Soest 1"]
[Site "NRW-Klasse - Gruppe 2 2019/20"]
[Date "2020.02.23"]
[Round "7.2"]
[White "Stolte, Alexander"]
[Black "Breker, Roland"]
[Result "1/2-1/2"]
[WhiteElo "2148"]
[BlackElo "2023"]
[PlyCount "113"]
[EventDate "2020.??.??"]
[SourceVersionDate "2020.03.16"]
[WhiteTeam "SV Sundern 1"]
[BlackTeam "SV Soest 1"]

1. e4 d6 2. d4 Nf6 3. Nc3 Nbd7 4. f4 e5 5. dxe5 dxe5 6. fxe5 Nxe5 7. Qxd8+ Kxd8
8. Bg5 c6 9. Nf3 Bd6 10. O-O-O Kc7 11. Nd4 Nfg4 12. Ndb5+ cxb5 13. Nxb5+ Kb8
14. Nxd6 f6 15. Bh4 Ne3 16. Re1 Nxf1 17. Rhxf1 Kc7 18. Nb5+ Kb6 19. Nd4 Re8 20.
Bf2 Ka6 21. Re3 b6 22. Bg3 Bd7 23. Nf5 Nc4 24. Ree1 Bxf5 25. Rxf5 Rad8 26. b3
Nd6 27. Rd5 Nb7 28. Red1 b5 29. Rxd8 Rxd8 30. e5 fxe5 31. Rxd8 Nxd8 32. Bxe5
Ne6 33. Kd2 Kb6 34. Kd3 Kc6 35. Ke4 g6 36. Bd4 a6 37. Ke5 Kd7 38. Be3 Ke7 39.
c4 bxc4 40. bxc4 Ng7 41. Bc5+ Kd7 42. Ba3 Nf5 43. Bc5 Nh4 44. Bf2 Nxg2 45. Ke4
g5 46. Kf3 Nf4 47. Be3 Ng6 48. Ke4 h6 49. Kf5 Nh4+ 50. Kg4 Ke6 51. Bc5 Ng6 52.
Kh5 Ne5 53. Bf8 Nf3 54. Bxh6 Nxh2 55. Kxg5 Nf3+ 56. Kf4 Ne5 57. Ke4 1/2-1/2

[Event "SV Sundern 1 - SV Soest 1"]
[Site "NRW-Klasse - Gruppe 2 2019/20"]
[Date "2020.02.23"]
[Round "7.3"]
[White "Nolte, Klaus"]
[Black "Schober, Ralf"]
[Result "0-1"]
[WhiteElo "1948"]
[BlackElo "1995"]
[PlyCount "92"]
[EventDate "2020.??.??"]
[SourceVersionDate "2020.03.16"]
[WhiteTeam "SV Soest 1"]
[BlackTeam "SV Sundern 1"]

1. e4 d6 2. Nc3 Nf6 3. d4 e5 4. dxe5 dxe5 5. Qxd8+ Kxd8 6. Bg5 Be6 7. O-O-O+
Nbd7 8. Nf3 Kc8 9. h3 Bb4 10. Bd3 Bxc3 11. bxc3 Ng8 12. Be3 f6 13. Nd2 Nb6 14.
Nb3 Ne7 15. Nc5 Bxa2 16. Nb3 Na4 17. Kd2 Rd8 18. Nc5 Nxc5 19. Bxc5 Ng6 20. Ke3
Be6 21. Rb1 c6 22. g3 b6 23. Ba3 c5 24. Ba6+ Kc7 25. h4 Rab8 26. Rb2 Ne7 27.
Rbb1 Nc6 28. Bc1 Na5 29. f4 Bc4 30. Bxc4 Nxc4+ 31. Ke2 Kc6 32. g4 Rb7 33. h5
exf4 34. Bxf4 Re7 35. Kf3 Nd2+ 36. Bxd2 Rxd2 37. Rbe1 h6 38. Re3 c4 39. Kf4 a5
40. Rhe1 Rf2+ 41. Kg3 Rxc2 42. e5 fxe5 43. Rxe5 Rxe5 44. Rxe5 Rxc3+ 45. Kf4 Rd3
46. Kf5 Rd5 0-1

[Event "SV Sundern 1 - SV Soest 1"]
[Site "NRW-Klasse - Gruppe 2 2019/20"]
[Date "2020.02.23"]
[Round "7.4"]
[White "Plass, Mariana-Camelia"]
[Black "Gerard, Marcel"]
[Result "1/2-1/2"]
[WhiteElo "1987"]
[BlackElo "1948"]
[PlyCount "50"]
[EventDate "2020.??.??"]
[SourceVersionDate "2020.03.16"]
[WhiteTeam "SV Sundern 1"]
[BlackTeam "SV Soest 1"]

1. d4 Nf6 2. c4 e6 3. g3 Bb4+ 4. Bd2 a5 5. Bg2 d6 6. Nc3 Nbd7 7. Nf3 O-O 8. Qc2
Qe7 9. O-O Bxc3 10. Bxc3 e5 11. Ng5 h6 12. Ne4 Nxe4 13. Bxe4 Nf6 14. Bg2 e4 15.
d5 Bf5 16. Qd2 b6 17. Qf4 Bg6 18. f3 Nd7 19. fxe4 Rae8 20. Qd2 Bxe4 21. Qd4 f6
22. Bf3 Bxf3 23. exf3 Qe3+ 24. Qxe3 Rxe3 25. Rae1 Rfe8 1/2-1/2

[Event "SV Sundern 1 - SV Soest 1"]
[Site "NRW-Klasse - Gruppe 2 2019/20"]
[Date "2020.02.23"]
[Round "7.5"]
[White "Luimes, Werner"]
[Black "Tillmann, Markus"]
[Result "1-0"]
[WhiteElo "1847"]
[BlackElo "2095"]
[PlyCount "87"]
[EventDate "2020.??.??"]
[SourceVersionDate "2020.03.16"]
[WhiteTeam "SV Soest 1"]
[BlackTeam "SV Sundern 1"]

1. d4 Nf6 2. Nf3 e6 3. g3 d5 4. Bg2 c6 5. O-O Nbd7 6. b3 Be7 7. Bb2 O-O 8. Nbd2
Qa5 9. a4 Bb4 10. Ba3 Bxa3 11. Rxa3 b5 12. c4 b4 13. Ra1 Ba6 14. Rc1 Rac8 15.
Re1 Ne4 16. Nxe4 dxe4 17. Nd2 f5 18. e3 Nf6 19. f3 exf3 20. Nxf3 Qc7 21. Ne5 c5
22. Nd3 cxd4 23. exd4 Qd6 24. Nf4 Rfe8 25. c5 Qd7 26. d5 e5 27. Nh5 Nxh5 28.
Qxh5 e4 29. Qd1 Bd3 30. d6 Re5 31. Qxd3 exd3 32. Rxe5 f4 33. Rd1 fxg3 34. hxg3
Rxc5 35. Rxc5 Qxd6 36. Rd5 Qb6+ 37. Kh2 g6 38. R5xd3 Kg7 39. Rd7+ Kh6 40. R1d4
Qe6 41. Rh4+ Kg5 42. Rd5+ Kf6 43. Rf4+ Kg7 44. Rxb4 1-0

[Event "SV Sundern 1 - SV Soest 1"]
[Site "NRW-Klasse - Gruppe 2 2019/20"]
[Date "2020.02.23"]
[Round "7.6"]
[White "Plass, Heinz"]
[Black "Schwarzkopp, Franz"]
[Result "1/2-1/2"]
[WhiteElo "1987"]
[BlackElo "1793"]
[Annotator "Daniel"]
[PlyCount "57"]
[EventDate "2020.??.??"]
[SourceVersionDate "2020.03.16"]
[WhiteTeam "SV Sundern 1"]
[BlackTeam "SV Soest 1"]

1. d4 Nf6 2. c4 e6 3. g3 d5 4. Nf3 Be7 5. Bg2 O-O 6. O-O b6 7. Nc3 Bb7 8. cxd5
exd5 9. Bf4 c5 10. Qc2 Na6 11. Rad1 Nc7 12. Be5 Ne6 13. h3 Re8 14. Nh4 cxd4 15.
Bxd4 Nxd4 16. Rxd4 Bc5 17. Rd2 Qc8 18. e3 Bb4 19. Rc1 Bxc3 $11 20. Qxc3 Qxc3
21. Rxc3 Rec8 22. Rdc2 Rxc3 23. Rxc3 Rc8 24. Rxc8+ Bxc8 25. Kf1 Kf8 26. Ke1 Ke7
27. Nf3 Kd6 28. Nd4 Bd7 29. Bf1 1/2-1/2

[Event "SV Sundern 1 - SV Soest 1"]
[Site "NRW-Klasse - Gruppe 2 2019/20"]
[Date "2020.02.23"]
[Round "7.7"]
[White "Greving, Hermann"]
[Black "Kevekordes, Peter"]
[Result "1/2-1/2"]
[WhiteElo "1789"]
[BlackElo "1910"]
[PlyCount "65"]
[EventDate "2020.??.??"]
[SourceVersionDate "2020.03.16"]
[WhiteTeam "SV Soest 1"]
[BlackTeam "SV Sundern 1"]

1. d4 d5 2. c4 c6 3. cxd5 cxd5 4. Nc3 Nf6 5. Nf3 Nc6 6. Bf4 a6 7. e3 Bf5 8. Rc1
e6 9. Qb3 Bb4 10. a3 Bxc3+ 11. Rxc3 Qd7 12. Ne5 Nxe5 13. Bxe5 Rc8 14. Be2 O-O
15. f3 Rxc3 16. bxc3 Qc6 17. Kd2 Nd7 18. g4 Nxe5 19. gxf5 Nc4+ 20. Bxc4 dxc4
21. Qb1 Qxf3 22. Rf1 Qg2+ 23. Ke1 exf5 24. Qxf5 Qb2 25. Qa5 Qxh2 26. Qc5 Qa2
27. Qb4 Re8 28. Rf3 Qg2 29. Qxb7 Qh1+ 30. Kf2 Qh2+ 31. Kf1 Qh1+ 32. Kf2 Qh2+
33. Kf1 1/2-1/2

[Event "SV Sundern 1 - SV Soest 1"]
[Site "NRW-Klasse - Gruppe 2 2019/20"]
[Date "2020.02.23"]
[Round "7.8"]
[White "Schulte, Josef"]
[Black "Enste, Thomas"]
[Result "1/2-1/2"]
[WhiteElo "1910"]
[BlackElo "1759"]
[PlyCount "98"]
[EventDate "2020.??.??"]
[SourceVersionDate "2020.03.16"]
[WhiteTeam "SV Sundern 1"]
[BlackTeam "SV Soest 1"]

1. d4 d5 2. c4 e6 3. Nc3 f5 4. g3 Nf6 5. Bg2 c6 6. Nf3 Bd6 7. O-O Nbd7 8. Bf4
Bxf4 9. gxf4 Ne4 10. e3 O-O 11. Ne5 Nxc3 12. bxc3 Rf6 13. Qf3 Rh6 14. a4 Nf6
15. Qg3 Bd7 16. Kh1 Be8 17. Rg1 Qe7 18. Bf3 Bh5 19. Bxh5 Rxh5 20. c5 Ne4 21.
Qg2 Rf8 22. f3 Nf6 23. Ra2 Nd7 24. Qg3 Nxe5 25. fxe5 g5 26. Rag2 Rf7 27. e4
dxe4 28. fxe4 g4 29. exf5 exf5 30. Qf4 Qe6 31. Re1 Rg7 32. Kg1 Rh3 33. Rg3 h5
34. Rf1 h4 35. Rg2 g3 36. hxg3 Rgxg3 37. Rxg3+ Rxg3+ 38. Kh2 Qg6 39. Qxf5 Qxf5
40. Rxf5 Rxc3 41. Rh5 Rc4 42. Rxh4 Rxa4 43. Kg3 b6 44. Rh6 bxc5 45. dxc5 Re4
46. Rxc6 Rxe5 47. Kf4 Re1 48. Ra6 Re7 49. Rf6 Rf7 1/2-1/2